[Event "Paris-ch op"]
[Site "Paris"]
[Date "2000.07.22"]
[Round "8"]
[White "Droulers, Denis"]
[Black "Daurelle, Herve"]
[Result "0-1"]
[WhiteElo "2080"]
[BlackElo "2201"]
[PlyCount "66"]
[EventDate "2000.07.15"]
[EventType "swiss"]
[EventRounds "9"]
[EventCountry "FRA"]
[SourceTitle "EXT 2001"]
[Source "ChessBase"]
[SourceDate "2000.11.22"]
[SourceVersion "1"]
[SourceVersionDate "2000.11.22"]
[SourceQuality "1"]

1. Nf3 c5 2. b3 d6 3. c4 Nc6 4. g3 g6 5. Bb2 e5 6. Bg2 f5 7. 0-0 Nf6 8. Nc3 Bg7 9. d3 0-0 10. e3 Bd7 11. a3 Qe7 12. Rb1 Rae8 13. Ba1 h6 14. b4 b6 15. bxc5 dxc5 16. Nh4 Kh7 17. Nd5 Nxd5 18. cxd5 Nd8 19. Nf3 Nf7 20. Re1 e4 21. Bxg7 Kxg7 22. dxe4 fxe4 23. Nd2 Ng5 24. h4 Nh3+ 25. Bxh3 Bxh3 26. Nc4 Qf7 27. Rb2 Rd8 28. Kh2 Bc8 29. Rd2 Qf5 30. Qa1+ Rf6 31. Ne5 Re8 32. Nc4 Qh3+ 33. Kg1 Bg4 0-1

[Event "FRA-ch op FIDE"]
[Site "Paris"]
[Date "1994.??.??"]
[Round "5"]
[White "Droulers, Denis"]
[Black "Hohelj, Stanislav"]
[Result "0-1"]
[WhiteElo "2220"]
[BlackElo "2310"]
[PlyCount "66"]
[EventDate "1994.??.??"]
[EventType "swiss"]
[EventRounds "9"]
[EventCountry "FRA"]
[SourceTitle "EXT 1998"]
[Source "ChessBase"]
[SourceDate "1997.11.17"]
[SourceVersion "1"]
[SourceVersionDate "1997.11.17"]
[SourceQuality "1"]

1. Nf3 d5 2. b3 c5 3. e3 Nc6 4. Bb2 e6 5. Bb5 f6 6. d4 a6 7. Bd3 b5 8. c4 bxc4 9. bxc4 cxd4 10. exd4 Bb4+ 11. Nbd2 Nge7 12. Qc2 dxc4 13. Bxc4 Bd6 14. 0-0 Nb4 15. Qe4 Nbd5 16. Rfe1 Rb8 17. Bb3 0-0 18. Nc4 Bb4 19. Re2 a5 20. Rc1 Bd7 21. Ne3 f5 22. Qh4 a4 23. Bc4 f4 24. Nxd5 Nxd5 25. Qxd8 Rfxd8 26. Bd3 a3 27. Ba1 Rdc8 28. Rxc8+ Rxc8 29. Rc2 Rxc2 30. Bxc2 Bb5 31. Ng5 Bc4 32. Bxh7+ Kf8 33. Bb1 Bc3 0-1

[Event "Paris-ch op"]
[Site "Paris"]
[Date "1992.??.??"]
[Round "5"]
[White "Droulers, Denis"]
[Black "Denis, Laurent"]
[Result "1/2-1/2"]
[WhiteElo "2285"]
[BlackElo "2235"]
[PlyCount "78"]
[EventDate "1992.04.??"]
[EventType "swiss"]
[EventRounds "9"]
[EventCountry "FRA"]
[SourceTitle "EXT 1997"]
[Source "ChessBase"]
[SourceDate "1996.11.15"]
[SourceVersion "1"]
[SourceVersionDate "1996.11.15"]
[SourceQuality "1"]

1. Nf3 f5 2. c4 Nf6 3. g3 g6 4. b3 Bg7 5. Bb2 0-0 6. Bg2 d6 7. d4 c6 8. 0-0 a5 9. a3 Na6 10. Nbd2 Ne4 11. Qc2 Nxd2 12. Qxd2 Qb6 13. Qe3 e5 14. dxe5 Qxe3 15. fxe3 Nc5 16. Rad1 dxe5 17. Bxe5 Nxb3 18. Bd6 Re8 19. Rd3 a4 20. Nd4 Rxe3 21. Nxc6 bxc6 22. Rxe3 Bd4 23. Bf4 Bd7 24. Rd1 Re8 25. Rxd4 Nxd4 26. Kf2 Rxe3 27. Bxe3 Nb3 28. c5 Kf7 29. Ke1 Na5 30. Kd1 Be6 31. Bd2 Bb3+ 32. Kc1 Nb7 33. Be3 Nd8 34. Kd2 Bc4 35. Bf3 Bb5 36. Kc3 Ne6 37. h4 Nc7 38. Kd4 Ke6 39. Bf4 Nd5 1/2-1/2

[Event "Paris-ch op"]
[Site "Paris"]
[Date "1992.??.??"]
[Round "7"]
[White "Droulers, Denis"]
[Black "Noradounguian, Georges"]
[Result "1/2-1/2"]
[WhiteElo "2285"]
[BlackElo "2215"]
[PlyCount "36"]
[EventDate "1992.04.??"]
[EventType "swiss"]
[EventRounds "9"]
[EventCountry "FRA"]
[SourceTitle "EXT 1997"]
[Source "ChessBase"]
[SourceDate "1996.11.15"]
[SourceVersion "1"]
[SourceVersionDate "1996.11.15"]
[SourceQuality "1"]

1. c4 e5 2. Nc3 Nf6 3. g3 d5 4. cxd5 Nxd5 5. Bg2 Nb6 6. Qc2 Be7 7. d3 0-0 8. Be3 Qe8 9. a4 Na6 10. a5 Nd7 11. Nd5 Bd6 12. Nf3 c6 13. Nc3 Nf6 14. Nd2 Be6 15. Nce4 Nxe4 16. Nxe4 Bb4+ 17. Bd2 Qe7 18. 0-0 Bxd2 1/2-1/2

[Event "Clichy op"]
[Site "Clichy"]
[Date "1986.??.??"]
[Round "9"]
[White "Droulers, Denis"]
[Black "Villeneuve, Alain"]
[Result "1/2-1/2"]
[WhiteElo "2200"]
[BlackElo "2230"]
[PlyCount "20"]
[EventDate "1986.??.??"]
[EventType "swiss"]
[EventRounds "9"]
[EventCountry "FRA"]
[SourceTitle "EXT 2004"]
[Source "ChessBase"]
[SourceDate "2003.11.25"]
[SourceVersion "1"]
[SourceVersionDate "2003.11.25"]
[SourceQuality "1"]

1. e4 e5 2. Nf3 Nc6 3. Bb5 a6 4. Ba4 Nf6 5. 0-0 Be7 6. Bxc6 dxc6 7. Nc3 Nd7 8. d4 exd4 9. Nxd4 0-0 10. Bf4 g6 1/2-1/2